[Event "World Blitz Women 2017"]
[Site "Riyadh KSA"]
[Date "2017.12.30"]
[Round "15.10"]
[White "Cornette, Deimante"]
[Black "Abdumalik, Zhansaya"]
[Result "0-1"]
[WhiteTitle "IM"]
[BlackTitle "IM"]
[WhiteElo "2439"]
[BlackElo "2449"]
[WhiteFideId "12802859"]
[BlackFideId "13703544"]
[EventDate "2017.12.29"]

1. e4 c5 2. Nc3 e6 3. Nge2 a6 4. g3 b5 5. Bg2 Bb7 6. d4 cxd4 7. Nxd4 Qc7 8. O-O
Nf6 9. Re1 d6 10. a4 b4 11. Nd5 exd5 12. exd5+ Kd8 13. Bg5 h6 14. Bxf6+ gxf6 15.
Qf3 Be7 16. Nf5 Bf8 17. Nd4 Be7 18. Nf5 Bf8 19. Qe4 Qc5 20. c3 b3 21. Qe8+ Kc7
22. Qxf7+ Nd7 23. Nd4 Qc4 24. Ne6+ Kb6 25. Qxd7 h5 26. a5+ Ka7 27. Nd4 Rc8 28.
Nc6+ Ka8 29. Re8 Bh6 30. Rxh8 Rxh8 31. Re1 Qg4 32. Qc7 Bxc6 33. dxc6 Qc8 34.
Qxd6 Bf8 35. c7+ Ka7 36. Qc5+ Bxc5 37. Rd1 Qxc7 38. Rd5 Re8 39. h4 Re1+ 40. Kh2
Bxf2 41. Bh3 Qxg3# 0-1

[Event "World Blitz Women 2017"]
[Site "Riyadh KSA"]
[Date "2017.12.30"]
[Round "15.11"]
[White "Voit, Daria"]
[Black "Harika, Dronavalli"]
[Result "1/2-1/2"]
[WhiteTitle "FM"]
[BlackTitle "GM"]
[WhiteElo "2390"]
[BlackElo "2504"]
[WhiteFideId "4182146"]
[BlackFideId "5015197"]
[EventDate "2017.12.29"]

1. d4 d6 2. Nf3 g6 3. c4 Bg7 4. Nc3 Nd7 5. g3 Ngf6 6. Bg2 O-O 7. O-O e5 8. h3
Re8 9. e4 exd4 10. Nxd4 Nc5 11. Re1 Bd7 12. Bf4 h6 13. b4 Ne6 14. Be3 Ng5 15.
Bxg5 hxg5 16. Qd2 Qc8 17. Rad1 Bxh3 18. Qxg5 Bg4 19. f3 Bd7 20. Kf2 c6 21. Kg1
a5 22. b5 Qc7 23. a4 Qb6 24. Kh1 Nh5 25. Nce2 Bf6 26. Qd2 Rad8 27. g4 Ng7 28. g5
Be7 29. Nb3 Ne6 30. f4 Nc5 31. Nxc5 Qxc5 32. Qd4 Bg4 33. Rd3 Qb4 34. Nc3 Bf8 35.
Rg3 Bg7 36. Qd3 Be6 37. f5 Bxc4 38. Qd2 Be5 39. Rh3 d5 40. fxg6 fxg6 41. exd5
cxd5 42. Qc2 Kg7 43. Rh6 Qd6 44. Ne4 dxe4 45. Qxc4 Rh8 46. Qxe4 Rde8 47. Qc6
Rxh6+ 48. gxh6+ Kxh6 49. Qxd6 Bxd6 50. Re7 Bxe7 51. Bd5 Kg5 52. Kg2 Kf4 53. Bb3
g5 54. Bc2 Bd6 55. Bb3 g4 56. Bc2 Ke3 57. Bb3 Kd2 58. Bc4 Kc3 59. Be2 g3 60. Bd1
Kb2 61. Kf3 Bc7 62. Kg2 Kc1 63. Bb3 Kd2 64. Kf3 Ke1 65. Kg2 Bb8 66. Bc2 Ke2 67.
Bb3 Ke3 68. Bc2 Kd4 69. Bd1 Kc3 70. Be2 Kc2 71. Bf3 Bc7 72. Be2 Kb3 73. Bd1+ Kb4
74. Bc2 1/2-1/2

[Event "World Blitz Women 2017"]
[Site "Riyadh KSA"]
[Date "2017.12.30"]
[Round "15.12"]
[White "Zawadzka, Jolanta"]
[Black "Paehtz, Elisabeth"]
[Result "1-0"]
[WhiteTitle "WGM"]
[BlackTitle "IM"]
[WhiteElo "2424"]
[BlackElo "2464"]
[WhiteFideId "1122320"]
[BlackFideId "4641833"]
[EventDate "2017.12.29"]

1. e4 c5 2. Nf3 d6 3. d4 cxd4 4. Nxd4 Nf6 5. f3 Nc6 6. c4 Qb6 7. Nc2 g6 8. Nc3
Bg7 9. Rb1 Nd7 10. Nd5 Qd8 11. Be2 O-O 12. O-O a5 13. Be3 Nc5 14. Kh1 e6 15. Nf4
Qe7 16. Qd2 b6 17. Rfd1 Rd8 18. Nd3 Bb7 19. b3 Ne5 20. Bd4 Nexd3 21. Bxd3 Bxd4
22. Nxd4 e5 23. Nb5 Bc6 24. Nc3 Kg7 25. Bf1 Ne6 26. Ne2 h5 27. Qc3 Nc5 28. Rd2
h4 29. h3 Qf6 30. Qe3 Ra7 31. Rbd1 Rad7 32. Nc3 g5 33. Ne2 Rb8 34. Rc1 Ne6 35.
Rcd1 Qe7 36. Nc3 Nf4 37. Ne2 Ne6 38. Nc3 Rbb7 39. Ne2 Rd8 40. Rd3 Nc5 41. R3d2
Ne6 42. Rd3 Qc7 43. Qd2 f6 44. Rxd6 Rxd6 45. Qxd6 Kf7 46. Qxc7+ Rxc7 47. Kg1 Ke7
48. Kf2 Nc5 49. Ke3 Bd7 50. Nc3 Be6 51. Nb5 Rc6 52. Kd2 Na6 53. Kc3 Nc5 54. a3
Nd7 55. Be2 Nc5 56. b4 axb4+ 57. axb4 Nd7 58. Ra1 f5 59. exf5 Bxf5 60. Ra8 e4
61. Rh8 Re6 62. Nd4 Rf6 63. Nxf5+ Rxf5 64. fxe4 Rf2 65. Bf3 Ne5 66. Rh7+ Kf8 67.
Kd4 Nxf3+ 68. gxf3 Rxf3 69. Rh5 Rxh3 70. Rxg5 Rb3 71. b5 h3 72. Rh5 Ke7 73. Kd5
Rc3 74. e5 Kd7 75. Rh7+ Ke8 76. Kd6 Rxc4 77. Rh8+ Kf7 78. e6+ Kg7 79. e7 1-0

[Event "World Blitz Women 2017"]
[Site "Riyadh KSA"]
[Date "2017.12.30"]
[Round "15.13"]
[White "Goryachkina, Aleksandra"]
[Black "Huang, Qian"]
[Result "1-0"]
[WhiteTitle "WGM"]
[BlackTitle "WGM"]
[WhiteElo "2486"]
[BlackElo "2438"]
[WhiteFideId "4147103"]
[BlackFideId "8602689"]
[EventDate "2017.12.29"]

1. d4 d5 2. c4 c6 3. Nf3 Nf6 4. g3 g6 5. Bg2 Bg7 6. O-O O-O 7. Qa4 Bf5 8. Nc3
dxc4 9. Qxc4 Nbd7 10. e3 Ne4 11. Nh4 Be6 12. Qe2 Nxc3 13. bxc3 Nb6 14. Rd1 Bc4
15. Qe1 Qc7 16. e4 e5 17. Nf3 Nd7 18. Bh3 Rad8 19. Bg5 f6 20. Be3 Bf7 21. a4 a5
22. Rab1 exd4 23. cxd4 Rfe8 24. Nd2 Nb6 25. Rdc1 Nxa4 26. Qd1 Nb6 27. Bf4 Re5
28. dxe5 fxe5 29. Bg5 Rf8 30. Qe2 a4 31. Ra1 Ra8 32. Be3 a3 33. Bxb6 Qxb6 34.
Nc4 Qc5 35. Nxa3 1-0

[Event "World Blitz Women 2017"]
[Site "Riyadh KSA"]
[Date "2017.12.30"]
[Round "15.14"]
[White "Bodnaruk, Anastasia"]
[Black "Belenkaya, Dina"]
[Result "1/2-1/2"]
[WhiteTitle "IM"]
[BlackTitle "WGM"]
[WhiteElo "2428"]
[BlackElo "2303"]
[WhiteFideId "4181751"]
[BlackFideId "24142654"]
[EventDate "2017.12.29"]

1. e4 c6 2. d3 d5 3. Nd2 g6 4. g3 Bg7 5. Bg2 e5 6. Ngf3 Ne7 7. O-O O-O 8. Re1 d4
9. Nc4 b5 10. Ncd2 c5 11. a4 b4 12. Nc4 Nbc6 13. Rf1 Qc7 14. Nh4 b3 15. cxb3 Rb8
16. f4 Na5 17. Ra3 Be6 18. fxe5 Nxc4 19. bxc4 Bxe5 20. Nf3 Bg7 21. Bf4 Qb7 22.
Bxb8 Rxb8 23. Rf2 Nc6 24. a5 Bh6 25. Kh1 Be3 26. Re2 Qb4 27. a6 Na5 28. Qa4 Nb3
29. h3 Nc1 30. Rc2 Qxa4 31. Rxa4 Nxd3 32. Bf1 Nf2+ 33. Kg2 Nxe4 34. Bd3 Nd6 35.
Ne5 Bf5 36. Bxf5 Nxf5 37. g4 Nd6 38. Re2 Rb3 39. Nc6 d3 40. Re1 Rxb2+ 41. Kf3
Bg5 42. Nxa7 d2 43. Rd1 Rc2 44. Nc6 Nc8 45. a7 Nxa7 46. Nxa7 Rc1 47. Ke2 Rc3 48.
Rxd2 Bxd2 49. Kxd2 Rxh3 50. Ra5 Rg3 51. Rxc5 Rxg4 52. Rc8+ Kg7 53. Kd3 h5 54. c5
h4 55. c6 Rg1 56. Nb5 h3 57. c7 h2 58. Rg8+ Kxg8 59. c8=Q+ Kg7 60. Qc3+ Kg8 61.
Qc8+ Kg7 62. Qc3+ Kg8 1/2-1/2

[Event "World Blitz Women 2017"]
[Site "Riyadh KSA"]
[Date "2017.12.30"]
[Round "15.15"]
[White "Khotenashvili, Bela"]
[Black "Saduakassova, Dinara"]
[Result "0-1"]
[WhiteTitle "GM"]
[BlackTitle "IM"]
[WhiteElo "2476"]
[BlackElo "2460"]
[WhiteFideId "13602640"]
[BlackFideId "13700090"]
[EventDate "2017.12.29"]

1. d4 Nf6 2. c4 e6 3. g3 d5 4. Nf3 dxc4 5. Bg2 Bd7 6. Nbd2 b5 7. a4 c6 8. Ne5
Nd5 9. O-O Be7 10. Ne4 O-O 11. b3 c3 12. Nd3 b4 13. Nec5 a5 14. e4 Nf6 15. e5
Nd5 16. f4 Na6 17. g4 Nxc5 18. dxc5 f5 19. gxf5 Rxf5 20. Be4 Qf8 21. Qg4 Bxc5+
22. Kh1 Ne3 23. Bxe3 Bxe3 24. Rae1 Bd4 25. Qg2 Rc8 26. Qg4 c5 27. Nc1 Bxe5 28.
Bxf5 exf5 29. Qe2 Bc6+ 30. Kg1 Bd4+ 31. Rf2 Re8 32. Qc4+ Kh8 33. Nd3 Rxe1+ 34.
Nxe1 h6 35. Kf1 Bxf2 36. Kxf2 Be4 37. Qe6 c2 38. Qc4 Qd6 39. Kg3 Qd1 40. Nxc2
Qxc2 41. Qf7 Qg2+ 42. Kh4 Qg4# 0-1

[Event "World Blitz Women 2017"]
[Site "Riyadh KSA"]
[Date "2017.12.30"]
[Round "15.16"]
[White "Zhukova, Natalia"]
[Black "Kulon, Klaudia"]
[Result "0-1"]
[WhiteTitle "GM"]
[BlackTitle "WGM"]
[WhiteElo "2444"]
[BlackElo "2370"]
[WhiteFideId "14101513"]
[BlackFideId "1131044"]
[EventDate "2017.12.29"]

1. c4 Nf6 2. Nc3 g6 3. e4 Bg7 4. d4 d6 5. Nf3 O-O 6. Be2 e5 7. O-O exd4 8. Nxd4
Re8 9. f3 c6 10. Be3 d5 11. cxd5 cxd5 12. Ndb5 a6 13. Na3 b5 14. Nc2 Bb7 15.
exd5 Nxd5 16. Bd4 Nxc3 17. bxc3 Nc6 18. Bxg7 Kxg7 19. Rf2 Qf6 20. c4 Rad8 21.
Qf1 b4 22. c5 Rd2 23. Bc4 Rxf2 24. Qxf2 Qc3 25. Bb3 Ne5 26. Qd4 a5 27. Qxc3 bxc3
28. Nd4 Rc8 29. f4 Nd3 30. c6 Bxc6 31. Rd1 Nxf4 32. Rf1 g5 33. h4 a4 34. hxg5
axb3 35. Rxf4 b2 36. Rf1 Be4 0-1

[Event "World Blitz Women 2017"]
[Site "Riyadh KSA"]
[Date "2017.12.30"]
[Round "15.17"]
[White "Pham, Le Thao Nguyen"]
[Black "Charochkina, Daria"]
[Result "1-0"]
[WhiteTitle "IM"]
[BlackTitle "IM"]
[WhiteElo "2354"]
[BlackElo "2317"]
[WhiteFideId "12401226"]
[BlackFideId "4180917"]
[EventDate "2017.12.29"]

1. d4 d5 2. Nf3 Nf6 3. Bf4 c5 4. e3 Qb6 5. Nc3 cxd4 6. exd4 e6 7. Nb5 Na6 8. c3
Bd7 9. a4 Be7 10. Bd3 O-O 11. O-O Ne4 12. Ne5 Bc6 13. Qe2 Qd8 14. Rfe1 Nf6 15.
h3 Bxb5 16. axb5 Nb8 17. Ra2 Nbd7 18. Rea1 Qb6 19. Qc2 Rfc8 20. Nxd7 Nxd7 21.
Bxh7+ Kf8 22. Bd3 Bf6 23. Qe2 g5 24. Bg3 Kg7 25. Qf3 Rh8 26. Bh2 Rh4 27. Qg3 Be7
28. Qc7 Qxc7 29. Bxc7 g4 30. Bg3 Rh6 31. hxg4 Rah8 32. f3 Bg5 33. Kf2 f5 34.
gxf5 exf5 35. Bxf5 Re8 36. Bxd7 Be3+ 37. Ke2 Re7 38. Be5+ Rxe5 39. dxe5 Bb6 40.
Rxa7 Rh2 41. Bh3 d4 42. Rxb7+ 1-0

[Event "World Blitz Women 2017"]
[Site "Riyadh KSA"]
[Date "2017.12.30"]
[Round "15.18"]
[White "Vo, Thi Kim Phung"]
[Black "Stefanova, Antoaneta"]
[Result "0-1"]
[WhiteTitle "WGM"]
[BlackTitle "GM"]
[WhiteElo "2380"]
[BlackElo "2500"]
[WhiteFideId "12401838"]
[BlackFideId "2902257"]
[EventDate "2017.12.29"]

1. d4 d5 2. c4 c6 3. Nc3 Nf6 4. Nf3 a6 5. c5 Bf5 6. h3 Nbd7 7. Bf4 h6 8. e3 e6
9. Be2 Be7 10. O-O O-O 11. b4 Ne4 12. Nxe4 Bxe4 13. Nd2 Bg6 14. Bg3 f6 15. f4
Qc8 16. Bg4 Bf7 17. Nb3 Bd8 18. a4 Bc7 19. Qe2 Qd8 20. b5 Qe7 21. b6 Bd8 22. Na5
Rb8 23. f5 e5 24. Qd2 Re8 25. Kh1 Nf8 26. Be2 Ra8 27. Bd3 Nh7 28. h4 Bh5 29.
Rae1 Qf7 30. Qb2 Qe7 31. Bb1 e4 32. Bc2 Qf7 33. Qc3 Bg4 34. Bd1 Bxd1 35. Rxd1
Re7 36. Qd2 Qh5 37. Kg1 Rd7 38. Rde1 Be7 39. Qf2 Nf8 40. Bc7 Bd8 41. Bd6 Be7 42.
Bf4 Re8 43. Bg3 Bd8 44. Qe2 Qf7 45. Qf2 Qh5 46. Qe2 Qf7 47. Qg4 h5 48. Qe2 Kh7
49. Qf2 Kh8 50. Nb3 Qg8 51. Nc1 Rf7 52. Bd6 Nd7 53. Qe2 Qh7 54. Rf2 Rg8 55. Qd1
g5 56. fxg6 Rxg6 57. Ref1 Rg4 58. g3 f5 59. Ne2 Bxh4 60. Kh2 Bg5 61. Bf4 Kg8 62.
Bxg5 Rxg5 63. Nf4 Nf6 64. Ne6 Ng4+ 65. Kg1 Nxf2 66. Kxf2 Rg4 67. Rg1 h4 68. Nf4
hxg3+ 69. Rxg3 Qh2+ 70. Rg2 Rxg2+ 71. Nxg2 Rg7 72. Qg1 Qg3+ 73. Kf1 Qf3+ 74. Qf2
Rxg2 0-1

[Event "World Blitz Women 2017"]
[Site "Riyadh KSA"]
[Date "2017.12.30"]
[Round "15.19"]
[White "Hoang, Thanh Trang"]
[Black "Sukandar, Irine Kharisma"]
[Result "0-1"]
[WhiteTitle "GM"]
[BlackTitle "IM"]
[WhiteElo "2439"]
[BlackElo "2384"]
[WhiteFideId "12400149"]
[BlackFideId "7101937"]
[EventDate "2017.12.29"]

1. d4 Nf6 2. Bf4 d5 3. e3 c5 4. Nf3 Nc6 5. c3 e6 6. Nbd2 cxd4 7. exd4 Nh5 8. Be3
Bd6 9. Ne5 g6 10. Bb5 O-O 11. Nxc6 bxc6 12. Bxc6 Rb8 13. b4 Ba6 14. a4 e5 15. b5
exd4 16. cxd4 Bc8 17. O-O Be6 18. Nf3 Ng7 19. Qd2 Qe7 20. Rfe1 Bb4 21. Qb2 Bxe1
22. Rxe1 Nf5 23. Bf4 Rbd8 24. Ng5 Nd6 25. Bxd5 Qf6 26. Nxe6 Rfe8 27. Be5 Rxe6
28. Bxe6 Qxe6 29. f3 Nc4 30. Qc3 Qd5 31. Bg3 h5 32. h4 Qxd4+ 33. Re3 Nxe3 34.
Qxd4 Rxd4 35. Bf2 Rd1+ 36. Kh2 Nf1+ 37. Kh3 Nd2 38. Bxa7 Ra1 39. b6 Rh1+ 40. Kg3
Rb1 41. a5 Nf1+ 42. Kf2 Nd2 43. Ke2 Nc4 44. a6 Nxb6 45. Bb8 Na8 46. a7 Kf8 47.
Kd3 Ke8 48. Ke4 Kd7 49. Ke5 Rb6 50. g3 Kc8 51. g4 Kb7 52. Kf4 Rf6+ 53. Ke4 Nb6
54. g5 Re6+ 55. Kd4 Nd7 0-1

[Event "World Blitz Women 2017"]
[Site "Riyadh KSA"]
[Date "2017.12.30"]
[Round "15.20"]
[White "Gaponenko, Inna"]
[Black "Shuvalova, Polina"]
[Result "0-1"]
[WhiteTitle "IM"]
[BlackTitle "WIM"]
[WhiteElo "2435"]
[BlackElo "2385"]
[WhiteFideId "14101181"]
[BlackFideId "24171760"]
[EventDate "2017.12.29"]

1. e4 c6 2. d4 d5 3. exd5 cxd5 4. c4 Nf6 5. Nc3 e6 6. Nf3 Bb4 7. cxd5 Nxd5 8.
Bd2 Be7 9. Bd3 Nc6 10. O-O O-O 11. Nxd5 exd5 12. Qb3 Bf6 13. Bc3 Bg4 14. Qxb7
Rc8 15. Bb5 Rc7 16. Qa6 Nb8 17. Qa4 Bxf3 18. gxf3 a6 19. Bd3 Nc6 20. Rfe1 Qd6
21. Rad1 Qf4 22. Re3 Ne5 23. Be2 Ng6 24. Kh1 Bh4 25. Be1 Bg5 26. Ba5 Rcc8 27.
Rg1 Qh4 28. Rc3 Rce8 29. Qd1 Qxf2 30. Rg2 Qh4 31. Rg4 Qh5 32. Rc2 Bf4 33. Qg1
Be3 34. Qg2 f5 35. Rg3 Rf7 36. Bb4 Nf4 37. Qf1 Bxd4 38. Be1 Be5 39. Qg1 Nxe2 40.
Rxe2 Rc7 41. Rgg2 Bf6 42. Rxe8+ Qxe8 43. Bd2 Rc2 44. b3 Rxa2 45. Qc1 Ra1 0-1

[Event "World Blitz Women 2017"]
[Site "Riyadh KSA"]
[Date "2017.12.30"]
[Round "15.21"]
[White "Zatonskih, Anna"]
[Black "Cori T., Deysi"]
[Result "0-1"]
[WhiteTitle "IM"]
[BlackTitle "WGM"]
[WhiteElo "2452"]
[BlackElo "2389"]
[WhiteFideId "14101572"]
[BlackFideId "3801934"]
[EventDate "2017.12.29"]

1. e4 c5 2. g3 e6 3. Bg2 b5 4. d3 Bb7 5. f4 h5 6. Nf3 Be7 7. h3 d5 8. e5 Nh6 9.
Be3 d4 10. Bf2 g5 11. Nbd2 gxf4 12. gxf4 Rg8 13. Rg1 Nf5 14. Qe2 Nc6 15. O-O-O
Nb4 16. Kb1 Nd5 17. Ng5 Nxf4 18. Bxb7 Nxe2 19. Bc6+ Qd7 20. Bxd7+ Kxd7 21. Rge1
Rxg5 22. Rxe2 Rg2 23. Ne4 Rag8 24. Ree1 Rh2 25. Rg1 Rxg1 26. Bxg1 Rxh3 27. c3
Rh1 28. cxd4 cxd4 29. Nf2 Rh4 30. Ne4 Rg4 31. Bf2 Rg2 32. Be1 h4 33. Nf2 Ne3 34.
Rc1 Rh2 35. Ne4 Re2 36. Ba5 Nd5 37. Rf1 h3 38. Rxf7 h2 39. Nf6+ Nxf6 0-1

[Event "World Blitz Women 2017"]
[Site "Riyadh KSA"]
[Date "2017.12.30"]
[Round "15.22"]
[White "Batchimeg, Tuvshintugs"]
[Black "Zhu, Chen"]
[Result "0-1"]
[WhiteTitle "IM"]
[BlackTitle "GM"]
[WhiteElo "2398"]
[BlackElo "2423"]
[WhiteFideId "4900839"]
[BlackFideId "8600546"]
[EventDate "2017.12.29"]

1. d4 Nf6 2. c4 e6 3. Nc3 Bb4 4. f3 d5 5. a3 Bxc3+ 6. bxc3 c5 7. e3 O-O 8. cxd5
Nxd5 9. Bd2 Nc6 10. Bd3 Qh4+ 11. g3 Qe7 12. Ne2 Nf6 13. e4 Rd8 14. Be3 b6 15.
O-O Bb7 16. Qe1 h6 17. Qf2 cxd4 18. cxd4 Rd7 19. Bb5 a6 20. Bc4 b5 21. Ba2 Rc8
22. Rfd1 Na5 23. g4 Nc4 24. Bxc4 bxc4 25. Nc3 Ne8 26. Rdb1 Nd6 27. Rb6 Nb5 28.
Nxb5 axb5 29. Rxb5 c3 30. a4 Qd6 31. a5 Qa6 32. Rb6 Qd3 33. a6 Ba8 34. a7 Rdd8
35. Rc1 c2 36. Rb2 Qa6 37. Rbxc2 Rxc2 38. Qxc2 Qxa7 39. Qc5 Qa2 40. Rc2 Qb3 41.
Qc3 Qb1+ 42. Rc1 Qb5 43. Rc2 Bb7 44. Rb2 Qa6 45. Qb4 Bc6 46. Qb6 Qa8 47. Rc2 Be8
48. Qb2 Rb8 49. Qc3 Qa4 50. Kf2 Qb5 51. Qc5 Qb3 52. Qc3 Qb1 53. Rc1 Rb2+ 54. Kg3
Qa2 55. Qc8 Qa4 56. Rc6 Qxc6 0-1

[Event "World Blitz Women 2017"]
[Site "Riyadh KSA"]
[Date "2017.12.30"]
[Round "15.24"]
[White "Hoang, Thi Bao Tram"]
[Black "Danielian, Elina"]
[Result "1/2-1/2"]
[WhiteTitle "WGM"]
[BlackTitle "GM"]
[WhiteElo "2410"]
[BlackElo "2413"]
[WhiteFideId "12401102"]
[BlackFideId "13300210"]
[EventDate "2017.12.29"]

1. d4 Nf6 2. Bf4 d6 3. Nd2 Nbd7 4. Ngf3 g6 5. e4 Bg7 6. Bc4 O-O 7. O-O c6 8. Bb3
Qc7 9. c3 e5 10. Bg3 Nh5 11. Re1 a5 12. a4 Nf4 13. Nc4 b6 14. Qc2 h6 15. Rad1 g5
16. h4 g4 17. Nh2 Nf6 18. dxe5 dxe5 19. Nd6 Be6 20. Nf5 Rad8 21. Rxd8 Rxd8 22.
Bxe6 fxe6 23. Ne3 h5 24. Nhf1 Bh6 25. Nc4 b5 26. Nce3 Kf7 27. Kh2 Qd6 28. Ra1 b4
29. cxb4 Qxb4 30. Qxc6 Qxe4 31. Rc1 Kg6 32. Qxe4+ Nxe4 33. Nc4 Rb8 34. Nxe5+ Kf5
35. Nc4 Rb4 36. Nfe3+ Kf6 37. Rd1 Nxg3 38. fxg3 Nd5 39. Nxd5+ exd5 40. Nxa5 Rxa4
41. Rxd5 Kg6 42. Rb5 Bg7 43. Rb6+ Kf7 44. Nc6 Ra2 45. Rb7+ Kg6 46. b4 Rb2 47.
Nd8 Be5 48. Nc6 Bd6 49. Rd7 Bxb4 50. Ne5+ Kf5 51. Rd5 Ke6 52. Rb5 Bc3 53. Rxb2
Bxb2 54. Ng6 Kf5 55. Nf4 Bf6 56. Nxh5 Be5 57. Kg1 Ke4 58. Kf2 Bd4+ 59. Ke2 Be5
60. Nf4 Bxf4 61. gxf4 Kxf4 62. Kf2 g3+ 63. Ke2 Kg4 64. Ke3 Kxh4 65. Kf4 Kh5 66.
Kf5 Kh4 67. Kf4 Kh5 68. Kf3 Kh4 69. Ke4 Kg4 70. Ke3 Kh4 71. Kf3 Kh5 72. Kf4 Kh4
73. Kf5 Kh5 74. Ke4 Kg4 75. Ke3 Kh5 76. Kf4 Kh4 77. Kf3 Kh5 1/2-1/2

[Event "World Blitz Women 2017"]
[Site "Riyadh KSA"]
[Date "2017.12.30"]
[Round "15.25"]
[White "Arakhamia-Grant, Ketevan"]
[Black "Bulmaga, Irina"]
[Result "1-0"]
[WhiteTitle "GM"]
[BlackTitle "IM"]
[WhiteElo "2350"]
[BlackElo "2427"]
[WhiteFideId "13600168"]
[BlackFideId "13903063"]
[EventDate "2017.12.29"]

1. e4 c6 2. d4 d5 3. e5 Bf5 4. Nd2 e6 5. Nb3 Ne7 6. Nf3 Nd7 7. Be2 h6 8. O-O Qc7
9. Be3 g5 10. a4 Bg7 11. a5 Bg6 12. g4 a6 13. Kg2 f5 14. exf6 Bxf6 15. Re1 O-O-O
16. Ne5 Rdf8 17. Nxd7 Qxd7 18. Nc5 Qd6 19. Bf3 e5 20. dxe5 Bxe5 21. Qd2 h5 22.
h3 hxg4 23. Bxg4+ Bf5 24. Qb4 Qc7 25. Ne6 Bxg4 26. Qxg4 Qd7 27. Nxf8 Rxf8 28.
Qxd7+ Kxd7 29. Bxg5 Ng6 30. c3 Rg8 31. Kf1 Kd6 32. h4 Nf4 33. Re3 Ne6 34. Be7+
Kxe7 35. Rxe5 Kd6 36. Rae1 Nf4 37. Rg5 Rf8 38. Rg3 Kc5 39. Rf3 Kc4 40. h5 Rg8
41. Rxf4+ Kb3 42. Rb4+ Kc2 43. Rxb7 Rh8 44. Rb6 Rxh5 45. Rxa6 Kd2 46. Re2+ Kd1
47. Re1+ Kd2 48. Re6 c5 49. Rab6 d4 50. cxd4 cxd4 51. a6 d3 52. Rbd6 Kc2 53.
Rc6+ Kxb2 54. Red6 Rh1+ 55. Kg2 Rd1 56. Kf3 d2 57. Ke2 Re1+ 58. Kxd2 Ra1 59. f4
Ra4 60. f5 Rf4 61. f6 Rf2+ 62. Ke3 Rh2 63. a7 Rh3+ 64. Kf4 Rh4+ 65. Kg5 Ra4 66.
Ra6 1-0

[Event "World Blitz Women 2017"]
[Site "Riyadh KSA"]
[Date "2017.12.30"]
[Round "15.26"]
[White "Socko, Monika"]
[Black "Khukhashvili, Sopiko"]
[Result "1/2-1/2"]
[WhiteTitle "GM"]
[BlackTitle "IM"]
[WhiteElo "2471"]
[BlackElo "2312"]
[WhiteFideId "1106619"]
[BlackFideId "13602055"]
[EventDate "2017.12.29"]

1. d4 Nf6 2. c4 e6 3. g3 Bb4+ 4. Bd2 Qe7 5. Bg2 O-O 6. Nc3 d6 7. a3 Bxc3 8. Bxc3
e5 9. d5 a5 10. e4 a4 11. Ne2 Nbd7 12. Bb4 b6 13. O-O Ba6 14. Qc2 Rfc8 15. Rad1
b5 16. cxb5 Bxb5 17. Rfe1 c5 18. dxc6 Rxc6 19. Qd2 Bxe2 20. Rxe2 Nc5 21. h3 h6
22. Qe3 Rac8 23. Rc2 Ne8 24. Rdc1 Qd7 25. Bf1 Nb3 26. Rxc6 Rxc6 27. Rxc6 Qxc6
28. Qa7 Nf6 29. Qb8+ Kh7 30. Qxd6 Qc2 31. Qxe5 Nxe4 32. Qf5+ Kg8 33. Bc3 h5 34.
Bg2 Qd1+ 35. Kh2 Nxc3 36. Qc8+ Kh7 37. Qxc3 Nd2 38. Qe5 Nf3+ 39. Bxf3 Qxf3 40.
Qd4 g6 41. Kg1 Qc6 42. Qd2 Kg8 43. h4 Qc4 44. Qe3 Qc2 45. Qe8+ Kg7 46. Qe5+ Kg8
47. Qd4 Qc1+ 48. Kg2 Qc6+ 49. Kf1 Qc1+ 50. Ke2 Qc2+ 51. Ke3 Qc1+ 52. Ke4 Qc6+
53. Kf4 Kh7 54. f3 Qc7+ 55. Qe5 Qc1+ 56. Ke4 Qc2+ 57. Ke3 Qc1+ 58. Kf2 Qd2+ 59.
Qe2 Qd4+ 60. Kg2 Qd5 61. Qe3 Qc4 62. Qd2 Kg8 63. Kf2 Qc5+ 64. Kg2 Qc4 65. Qf2
Qb3 66. Qd4 Qc2+ 67. Qf2 Qc4 68. Qd2 Qb3 69. Kf2 Qb6+ 70. Kg2 Qb3 1/2-1/2

[Event "World Blitz Women 2017"]
[Site "Riyadh KSA"]
[Date "2017.12.30"]
[Round "15.27"]
[White "Enkhtuul, Altan-Ulzii"]
[Black "Mkrtchian, Lilit"]
[Result "1/2-1/2"]
[WhiteTitle "WGM"]
[BlackTitle "IM"]
[WhiteElo "2344"]
[BlackElo "2376"]
[WhiteFideId "4901444"]
[BlackFideId "13300601"]
[EventDate "2017.12.29"]

1. d4 Nf6 2. Nf3 e6 3. g3 c5 4. Bg2 cxd4 5. Nxd4 d5 6. O-O e5 7. Nb3 Be6 8. Bg5
Nbd7 9. Nc3 h6 10. Bxf6 Nxf6 11. e4 dxe4 12. Nxe4 Nxe4 13. Bxe4 Qc7 14. Qf3 Rb8
15. Bd5 Bxd5 16. Qxd5 Be7 17. Qb5+ Kf8 18. Rfe1 Bd6 19. Rad1 g6 20. Qd5 Be7 21.
Qxe5 Qxe5 22. Rxe5 Bf6 23. Ra5 Bxb2 24. Rxa7 Ke7 25. Nc5 Rhc8 26. Rd7+ Ke8 27.
Raxb7 Rxb7 28. Rxb7 Ba3 29. Ne4 Rxc2 30. Nf6+ Kf8 31. Nd7+ Kg8 32. Ne5 Rxa2 33.
Nxf7 Bf8 34. Ne5 g5 35. Rb8 Kg7 36. Rb7+ Kg8 37. Kg2 Bg7 38. Ng6 Bd4 39. Ne7+
Kf8 40. Ng6+ Kg8 41. Ne7+ Kf8 42. Ng6+ Kg8 43. Ne7+ 1/2-1/2

[Event "World Blitz Women 2017"]
[Site "Riyadh KSA"]
[Date "2017.12.30"]
[Round "15.28"]
[White "Ambartsumova, Karina"]
[Black "Girya, Olga"]
[Result "0-1"]
[WhiteTitle "WGM"]
[BlackTitle "WGM"]
[WhiteElo "2359"]
[BlackElo "2484"]
[WhiteFideId "4166299"]
[BlackFideId "4195752"]
[EventDate "2017.12.29"]

1. Nf3 d5 2. g3 Bg4 3. Bg2 c6 4. O-O Nd7 5. d3 Ngf6 6. h3 Bxf3 7. Bxf3 e5 8. e4
Bc5 9. Nd2 O-O 10. Bg2 a5 11. a4 Re8 12. Qe2 Qc7 13. Nf3 Qb6 14. Nh4 Rad8 15.
Nf5 Bf8 16. b3 h6 17. Qf3 Qc7 18. h4 Re6 19. Re1 Bb4 20. Rf1 dxe4 21. dxe4 Nc5
22. Qe2 Ree8 23. f3 Ne6 24. Be3 Bc5 25. Bxc5 Nxc5 26. Rad1 Ne6 27. Qe3 Rxd1 28.
Rxd1 Rd8 29. Rd2 Rxd2 30. Qxd2 Qb6+ 31. Kh2 Nd4 32. Ne3 Qc5 33. Nc4 b6 34. Qd3
b5 35. axb5 cxb5 36. Nxa5 Qxc2 37. Qxc2 Nxc2 38. Bf1 Nd4 39. Kg2 Nd7 40. Bd3 Nc5
41. Bf1 Kf8 42. Kf2 Ke7 43. Ke3 f6 44. g4 Nce6 45. Nb7 g5 46. hxg5 hxg5 47. Na5
Kd6 48. b4 Nc2+ 49. Kd2 Ncd4 50. Ke3 Nc7 51. Nb7+ Kc6 52. Nc5 Nc2+ 53. Kd2 Nxb4
54. Nb3 Nba6 55. Kc3 Nc5 56. Nc1 N7e6 57. Ne2 Nf4 58. Ng3 Nce6 59. Nf5 Kc5 60.
Ne7 Nd4 61. Ng8 Nxf3 62. Nxf6 b4+ 63. Kb2 Nd2 64. Ba6 Kd4 65. Bb7 Nd3+ 66. Kc2
Nc4 67. Ba6 Ne3+ 68. Kd2 Nc5 69. Be2 Nxe4+ 70. Nxe4 Kxe4 71. Ba6 Kf4 72. Kd3
Nxg4 73. Kc4 e4 74. Kxb4 e3 75. Kc3 Kf3 76. Bd3 Kf2 77. Kd4 e2 78. Bxe2 Kxe2 79.
Ke4 Nf2+ 80. Kf5 g4 0-1

[Event "World Blitz Women 2017"]
[Site "Riyadh KSA"]
[Date "2017.12.30"]
[Round "15.30"]
[White "Charkhalashvili, Inga"]
[Black "Gevorgyan, Maria"]
[Result "1-0"]
[WhiteTitle "WGM"]
[BlackTitle "WIM"]
[WhiteElo "2355"]
[BlackElo "2275"]
[WhiteFideId "13601431"]
[BlackFideId "13300270"]
[EventDate "2017.12.29"]

1. d4 d5 2. c4 dxc4 3. Nc3 Nc6 4. Nf3 Nf6 5. e3 Na5 6. Bxc4 Nxc4 7. Qa4+ Bd7 8.
Qxc4 e6 9. O-O Be7 10. e4 Bc6 11. Re1 O-O 12. Bg5 h6 13. Bh4 Ne8 14. Bxe7 Qxe7
15. d5 Bd7 16. e5 exd5 17. Nxd5 Qe6 18. Nd4 Qg4 19. f3 Qg5 20. f4 Qh4 21. Nf3
Qg4 22. Rad1 Be6 23. Qb4 b6 24. Ne7+ Kh7 25. Qe4+ f5 26. exf6+ g6 27. Qxa8 Bxa2
28. Qe4 Nxf6 29. Qa4 Bf7 30. Ne5 Qxf4 31. Qxf4 1-0